00742cam a2200229 i 45000010009000000050017000090080041000260200019000670400028000860820015001142450086001292500009002152600038002243000020002626500019002826500014003017000045003157000043003609420006004039520088004099990015004971798599620240613064241.0140102s2014 cau b 001 0 eng  a9788132113188  aDLCbengcDLCerdadDLC00a301.0122300aPostmodernism in a global perspective /cedited by Samir Dasgupta, Peter Kivisto. a1 st aNew DelhibSAGE Publicationc2014 axx, 285 pages ; 0aPostmodernism. 0aSociology1 aDasgupta, Samir,eeditor of compilation.1 aKivisto, Petereeditor of compilation. cL 001040708LaWERCLbWERCLd2024-06-13l0o301.01p7051r2024-06-13w2024-06-13yL c5900d5900